000 00613nam a2200181 a 4500
001 50417
005 20180714035457.0
008 140415s2003 mx 000 0 spa d
041 _aspa
082 _a635
_bMUÑ
100 1 _aMUÑOZ RAMOS, JOSE DE JESUS
245 1 0 _aMANUAL DE PRODUCCION HORTICOLA EN INVERNADERO
250 _a1a ed.
260 _aMEXICO :
_bINCAPA,
_c2003
300 _a816
_c21.6 x 2 x 27.7
520 _aPERMITE AFRONTAR PROBLEMAS DE ESTA ACTIVIDAD Y RESOLVERLOS EXITOSA Y RENTABLEMENTE EN BENEFICIO DE LOS PRODUCTORES NACIONALES
650 1 4 _aHORTICULTURA
_xINVERNADEROS
999 _c50417
_d50417